Statistics for Eurovision Host Cities

Click here to take the quiz!

General Stats

  • This quiz has been taken 103 times
    (52 since last reset)
  • The average score is 65 of 66

Answer Stats

YearCityCountry% Correct
2015ViennaAustria
100%
1967ViennaAustria
100%
2014CopenhagenDenmark
100%
1964CopenhagenDenmark
100%
2001CopenhagenDenmark
100%
2002TallinnEstonia
100%
2007HelsinkiFinland
100%
1961CannesFrance
100%
1959CannesFrance
100%
1978ParisFrance
100%
1957Frank-Furt am MainGermany
100%
1983MunichGermany
100%
2011DusseldorfGermany
100%
1997DublinIreland
100%
1993MillstreetIreland
100%
1995DublinIreland
100%
1994DublinIreland
100%
1988DublinIreland
100%
1981DublinIreland
100%
1971DublinIreland
100%
2019Tel AvivIsrael
100%
1979JerusalemIsrael
100%
2019Tel AvivIsrael
100%
1999JerusalemIsrael
100%
2003RigaLatvia
100%
2010OsloNorway
100%
1986BergenNorway
100%
1996OsloNorway
100%
2018LisbonPortugal
100%
2016StockholmSweden
100%
2013MalmoSweden
100%
2000StockholmSweden
100%
1992MalmoSweden
100%
1985GothenburgSweden
100%
1975StockholmSweden
100%
1987BrusselsBelgium
98%
2006AthensGreece
98%
1991RomeItaly
98%
1965NaplesItaly
98%
1984Luxembourg cityLuxembourg
98%
1973Luxembourg CityLuxembourg
98%
1966Luxembourg CityLuxembourg
98%
1962Luxembourg cityLuxembourg
98%
2010RotterdamNetherlands
98%
1980The HagueNetherlands
98%
1976The HagueNetherlands
98%
1970AmsterdamNetherlands
98%
1958HilversumNetherlands
98%
2009MoscowRussia
98%
1969MadridSpain
98%
2004IstanbulTurkey
98%
1960LondonUK
98%
1968LondonUK
98%
1972EdinburghUK
98%
1974BrightonUK
98%
1977LondonUK
98%
1998BirminghamUK
98%
1982HarrogateUK
98%
1963LondonUK
98%
2017KievUkraine
98%
2005KievUkraine
98%
2012BakuAzerbaijan
96%
2008BelgradeSerbia
96%
1989LausanneSwitzerland
96%
1956LuganoSwitzerland
96%
1990 ( former Yugoslavia)ZagrebCroatia
92%

Score Distribution

Percentile by Number Answered

Percent of People with Each Score

Your Score History

You have not taken this quiz since the last reset